Вып. 4; Активируемые процессы технологии микроэлектроники

Bibliografiska uppgifter
Parent link:Активируемые процессы технологии микроэлектроники: междуведомственный тематический научный сборник/ Таганрогский радиотехнический институт (ТРТИ). Вып. 4.— , 1975-1986.— 0320-4502
Språk:ryska
Publicerad: 1978
Ämnen:
Materialtyp: Bok
KOHA link:https://koha.lib.tpu.ru/cgi-bin/koha/opac-detail.pl?biblionumber=336490

MARC

LEADER 00000nam2a2200000 4500
001 336490
005 20231102004847.0
035 |a (RuTPU)RU\TPU\book\362906 
035 |a RU\TPU\book\319275 
090 |a 336490 
100 |a 20171016d1978 k y0rusy5003 ca 
101 0 |a rus 
102 |a RU 
105 |a a z 001zy 
200 0 |a Вып. 4 
210 |d 1978 
215 |a 175 с.  |c ил. 
320 |a Библиография в конце статей 
461 1 |0 (RuTPU)RU\TPU\book\288648  |x 0320-4502  |t Активируемые процессы технологии микроэлектроники  |o междуведомственный тематический научный сборник  |f Таганрогский радиотехнический институт (ТРТИ)  |v Вып. 4  |d 1975-1986 
606 1 |a Микроэлектронные схемы  |x Производство  |2 stltpush  |3 (RuTPU)RU\TPU\subj\43828  |9 63270 
610 1 |a легированные пленки 
610 1 |a бор 
610 1 |a кремний 
610 1 |a диффузия 
610 1 |a математические модели 
610 1 |a электронно-лучевые методы 
610 1 |a тонкие пленки 
610 1 |a тугоплавкие металлы 
610 1 |a резисторы 
610 1 |a окисление 
610 1 |a алмазы 
675 |a 621.382.049.77.002  |z rus  |v 3 
801 0 |a RU  |b 63413507  |c 19950704  |g psbo 
801 1 |a RU  |b 63413507  |c 20150512 
801 2 |a RU  |b 63413507  |c 20171017  |g RCR 
942 |c BK